Mascottes de FastFood - Statistiques

Statistiques générales
  • Ce quiz a été pris 42 fois
  • Le résultat moyen est 6 sur 7
Statistiques - réponses
Par images Réponse % Correct
quik
100%
kfc
97%
mc donald's
92%
subway
92%
burger king
82%
otacos
69%
buffalo grill
46%
Aucun quiz correspondant
Distribution des résultats
% des personnes avec chaque résultat
Percentile par nombre de réponses
Votre historique - résultats
Vous n’avez pas pris ce quiz